000 01026nam a2200289Ia 4500
008 160803s9999 xx 000 0 und d
020 _a9780545290012
100 _aPartridge, Elizabeth
245 _aMarching for freedom :
245 _cElizabeth Partridge.
260 _aNew York :
260 _bScholastic Inc.
260 _c2009
300 _a72 pages :
300 _billustrations ;
300 _c22 cm
650 _aAfrican American children -- Political activity -- Alabama -- History -- 20th century --
650 _aAfrican Americans -- Civil rights -- Alabama -- History -- 20th century --
650 _aAfrican Americans -- Civil rights -- Alabama -- History -- 20th century.
650 _aAlabama -- Race relations -- History -- 20th century --
650 _aCivil rights movements -- Alabama -- History -- 20th century --
650 _xJuvenile literature.
650 _xJuvenile literature.
650 _xJuvenile literature.
650 _xJuvenile literature.
700 _a960
999 _c298182
_d298182